Lana Del Rey- Sweet (All Lyrics) - Statistics

General Stats
  • This quiz has been taken 50 times
  • The average score is 193 of 246
Answer Stats
Lyrics % Correct
a
100%
I
100%
in
100%
In
100%
my
97%
be
94%
go
94%
If
94%
me
94%
me?
94%
no
94%
not
94%
Not
94%
sweet,
94%
sweet
94%
Sweet
94%
the
94%
then
94%
you
94%
You
94%
and
90%
And
90%
Do
90%
do,
90%
do
90%
find
90%
to
90%
up
90%
want
90%
your
90%
it
87%
it?
87%
some
87%
what
87%
What
87%
who
87%
with
87%
about
84%
got
84%
I'm
84%
I've
84%
on
84%
think
84%
wanna
84%
where
84%
Beverly
81%
of
81%
we
81%
basic
77%
bitch,
77%
by
77%
children?
77%
country
77%
eyes,
77%
eyes
77%
her
77%
Stars
77%
stars
77%
them
77%
there,
77%
Center
74%
house
74%
marry
74%
north
74%
that's
74%
That's
74%
at
71%
bare
71%
Beach
71%
but
71%
could
71%
didn't
71%
from?
71%
life?
71%
Long
71%
marathons
71%
things
71%
women
71%
all
68%
came
68%
doin'
68%
goes
68%
I'll
68%
like
68%
nobody
68%
nothing
68%
sea?
68%
Thinking
68%
will
68%
can
65%
come
65%
different
65%
don't
65%
feet
65%
hiking
65%
kind
65%
run
65%
said
65%
was
65%
woman
65%
you'll
65%
call
61%
Griffith
61%
one
61%
remember
61%
very
61%
'bout
58%
contemplate
58%
heart
58%
just
58%
Midwest,
58%
someone,
58%
tell
58%
wish
58%
here
55%
note,
55%
send
55%
wrote
55%
been
52%
'Cause
52%
now
52%
Lately,
48%
really
48%
talkin'
48%
understand
48%
hand,
45%
lot
45%
stuff
45%
we've
45%
method
42%
taught
42%
barefeet
39%
magic
39%
makin'
39%
out
39%
best
35%
Get
35%
somewhere,
35%
valley
32%
sad
29%
woods
29%
Genesee
26%
night
19%
No matching quizzes found
Score Distribution
Percent of People with Each Score
Percentile by Number Answered
Your Score History
You have not taken this quiz